000
00251nam a22001097a 4500
082
_a
621.381 SHA'I
100
_a
SHAW, DENNIS F
_9
73690
245
_a
AN INTRODUCTION TO ELECTRONICS
260
_a
LONDON
_b
LONGMANS
_c
1962
300
_a
338P
942
_c
BK
999
_c
579341
_d
579341